LEADER 01294nam a2200301 a 4500 001 000000130378 003 CaOOAMICUS 005 20120924142016.0 008 120924s2012 it a 000 0 ita r 040 $aPUL$bita 082 04$a709.45 245 00$aBernini /$cpresentazione di Anna Coliva. 250 $aEd. speciale per il Corriere della Sera. 260 $aMilano :$bSkira,$c2012$aMilano :$bR.C.S. Quotidiani,$c2012$aMilano :$bR.C.S. Libri,$c2012. 300 $a189 p. :$bill. ;$c21 cm 490 1 $aI classici dell'arte ;$v84 600 14$aBernini, Gian Lorenzo,$d1598-1680.$0(OLS)http://pul/subject/13732 700 1 $aColiva, Anna.$0(OLS)http://pul/name/77995 830 0$aClassici dell'arte ;$v84.$0(OLS)http://pul/title/157612 850 $aPUL 852 $aPUL$W1$xDP2 Cons. Gen., Altre Classi 3$y97$m709. 45 COLL 2.84$j150898$qDDC 21$B149486$CPULBib$Z2$F149486 $H120755 $82 941 1 $a9 996 $6082$a709.45$9(OLS)http://pul/classification/1904 996 $6245$aBernini$9(OLS)http://pul/title/39809 996 $6260$aMilano :$bSkira$9(OLS)http://pul/publisher/81335 996 $6260$aMilano :$bR.C.S. Quotidiani$9(OLS)http://pul/publisher/79195 996 $6260$aMilano :$bR.C.S. Libri$9(OLS)http://pul/publisher/74600 LEADER 01427nam a2200337 a 4500 001 000000131340 003 CaOOAMICUS 005 20121115114607.0 008 121115s2005 it u000 u ita r 020 $a88-498-1252-3 040 $aPUL$bita 041 1 $aita$hfre 082 04$a113 100 1 $aBrague, Rémi.$0(OLS)http://pul/name/49417 240 10$aSagesse du monde.$lItaliano.$0(OLS)http://pul/title/165912 245 13$aLa saggezza del mondo :$bstoria dell'esperienza umana dell'Universo /$cRémi Brague. 260 $aSoveria Mannelli :$bRubbettino,$c©2005. 300 $aXIX, 382 p. ;$c24 cm. 490 1 $aSuperSaggi. Filosofia e Scienza 504 $aBibliografia p. [351]-376. 650 4$aFilosofia della natura.$0(OLS)http://pul/subject/8566 650 4$aCosmologia.$0(OLS)http://pul/subject/526 830 0$aSuperSaggi (Rubettino)$pFilosofia e Scienza.$0(OLS)http://pul/title/165911 850 $aPUL 852 $aPUL$W1$xSL Filosofia 3$y81$m113 BRARE 1$j151637$qDDC 21$B150533$CPULBib$Z2$F150533 $H121192 $82 941 1 $a9 996 $6020$a88-498-1252-3$9(OLS)http://pul/number/151042 996 $6082$a113$9(OLS)http://pul/classification/1702 996 $6245$aLa saggezza del mondo :$bstoria dell'esperienza umana dell'Universo$9(OLS)http://pul/title/165913 996 $6260$aSoveria Mannelli :$bRubbettino$9(OLS)http://pul/publisher/51639